| 000 | 00364nam a2200133Ia 4500 | ||
|---|---|---|---|
| 008 | 231129s9999||||xx |||||||||||||| ||spa|| | ||
| 040 | _bspa | ||
| 082 | _a986.164 C718a | ||
| 100 | _aColombia. Gobernacion del Caqueta. Secretaria de Planeacion Departamental. | ||
| 245 | 0 | _aAlbania : Monografia | |
| 260 | _c198 | ||
| 264 | _aAlcaldia Municipal | ||
| 942 |
_2ddc _cBKS |
||
| 999 |
_c4691 _d4691 |
||